Incunable : (Record no. 192123)

MARC details
000 -LEADER
campo de control de longitud fija 01401nam a2200361 i 4500
001 - NÚMERO DE CONTROL
campo de control 192123
003 - IDENTIFICADOR DE NÚMERO DE CONTROL
campo de control SpMaBN
005 - FECHA Y HORA DE LA ÚLTIMA TRANSACCIÓN
campo de control 20250807002455.0
008 - DATOS DE LONGITUD FIJA--INFORMACIÓN GENERAL
campo de control de longitud fija 221104s2022 sp a | ||||o000 0 spa
017 ## - NÚMERO DE COPYRIGHT O DE DEPÓSITO LEGAL
Número de copyright o de depósito legal M 10216-2022
Agencia que asigna Oficina Depósito Legal Madrid
020 ## - NÚMERO INTERNACIONAL ESTÁNDAR DEL LIBRO
Número Internacional Estándar del Libro 9788492462766
024 7# - IDENTIFICADOR DE OTROS ESTÁNDARES
Número estándar o código NIPO 821-22-004-X
Fuente del número o código nipo
035 ## - NÚMERO DE CONTROL DEL SISTEMA
Número de control de sistema (OCoLC)1313653105
040 ## - FUENTE DE CATALOGACIÓN
Centro catalogador/agencia de origen SpMaBN
Lengua de catalogación spa
Centro/agencia transcriptor SpMaBN
Normas de descripción rda
080 ## - NÚMERO DE LA CLASIFICACIÓN DECIMAL UNIVERSAL
Número de la Clasificación Decimal Universal 093
080 ## - NÚMERO DE LA CLASIFICACIÓN DECIMAL UNIVERSAL
Número de la Clasificación Decimal Universal 655.11(460)"14"
100 1# - ENTRADA PRINCIPAL--NOMBRE DE PERSONA
Nombre de persona Reyes Gómez, Fermín de los
Término indicativo de función/relación Autor
9 (RLIN) 96584
245 10 - MENCIÓN DEL TÍTULO
Título Incunable :
Resto del título la imprenta llega a España /
Mención de responsabilidad, etc. texto, Fermín de los Reyes Gómez
264 #1 - PRODUCCIÓN, PUBLICACIÓN, DISTRIBUCIÓN, FABRICACIÓN Y COPYRIGHT
Producción, publicación, distribución, fabricación y copyright Madrid :
Nombre del de productor, editor, distribuidor, fabricante Biblioteca Nacional de España,
Fecha de producción, publicación, distribución, fabricación o copyright [2022]
300 ## - DESCRIPCIÓN FÍSICA
Extensión 101 páginas :
Otras características físicas ilustraciones (color) ;
Dimensiones 17 cm
490 1# - MENCIÓN DE SERIE
Mención de serie Tesoros de la Biblioteca Nacional de España ;
Designación de volumen o secuencia 04
500 ## - NOTA GENERAL
Nota general Índice
504 ## - NOTA DE BIBLIOGRAFÍA, ETC.
Nota de bibliografía, etc. Bibliografía: páginas [99]-101
650 #7 - PUNTO DE ACCESO ADICIONAL DE MATERIA--TÉRMINO DE MATERIA
Término de materia o nombre geográfico como elemento de entrada Incunables-
Subdivisión geográfica Biblioteca Nacional de España
9 (RLIN) 175733
650 #7 - PUNTO DE ACCESO ADICIONAL DE MATERIA--TÉRMINO DE MATERIA
Término de materia o nombre geográfico como elemento de entrada Imprenta-
Subdivisión geográfica España-
Subdivisión cronológica S.XV
9 (RLIN) 155118
710 2# - ENTRADA AGREGADA--NOMBRE DE ENTIDAD CORPORATIVA
Nombre de entidad corporativa o nombre de jurisdicción como elemento de entrada Biblioteca Nacional de España
Término indicativo de función/relación Editor
9 (RLIN) 234950
830 #0 - PUNTO DE ACCESO ADICIONAL DE SERIE-TÍTULO UNIFORME
Título uniforme Tesoros de la Biblioteca Nacional de España
Designación de volumen o secuencia 04
9 (RLIN) 193551
852 4# - LOCALIZACIÓN
Ubicación ES-MaACL
Sublocalización o colección R. 153402
Ubicación en estantería Depósito J
Donativo/Legado Donación: Biblioteca Nacional de España
Número de control de estantería N-8111
itemnumber 199405
914 ## - NOMBRE ENTIDAD DE DONANTE
Nombre de congreso/reunión o jurisdicción como elemento de entrada Biblioteca Nacional de España
Unidad subordinada Donante
RLIN 234950
942 ## - ELEMENTOS DE ENTRADA SECUNDARIOS (KOHA)
Tipo de ítem Koha Libro impreso
Suprimir en OPAC No
Holdings
Estatus retirado Estado de pérdida Fuente del sistema de clasificación o colocación Estado de daño No para préstamo Colección Biblioteca de origen Biblioteca actual Ubicación en estantería Fecha de adquisición Fuente de adquisición Total de préstamos Signatura topográfica completa Código de barras Visto por última vez Tipo de ítem Koha
    Clasificación decimal universal     Biblioteca profesional Biblioteca del Ateneo de Madrid Biblioteca del Ateneo de Madrid Depósito J 04/11/2022 Donación   N-8111 101206394 23/02/2023 Libro impreso